[Event "WC-2020-S-00004"]
[Site "LSS email"]
[Date "2020.04.01"]
[Round "?"]
[White "Osipov, Anatoly Vladimirovi"]
[Black "Glatthaar, Michael"]
[Result "1/2-1/2"]
[WhiteElo "2415"]
[BlackElo "2508"]
[PlyCount "60"]
[EventDate "2020.04.01"]
[EventType "tourn (corr)"]
[EventRounds "12"]
[EventCountry "GER"]
[SourceTitle "Corr 2022"]
[Source "ChessBase"]
[SourceDate "2021.10.24"]
[SourceVersion "1"]
[SourceVersionDate "2021.10.24"]
[SourceQuality "1"]

1. e4 e5 2. Nf3 Nc6 3. Bb5 a6 4. Ba4 Nf6 5. 0-0 Be7 6. Re1 b5 7. Bb3 0-0 8. h3 Bb7 9. d3 d5 10. exd5 Nxd5 11. Nxe5 Nd4 12. Bd2 Bd6 13. Nc3 Nxb3 14. axb3 Re8 15. Nf3 Nxc3 16. Rxe8+ Qxe8 17. bxc3 a5 18. Nd4 Qe5 19. f4 Qd5 20. Qg4 a4 21. Qg5 Bc5 22. Be3 axb3 23. Rxa8+ Bxa8 24. cxb3 f6 25. Qxd5+ Bxd5 26. c4 Bxd4 27. Bxd4 bxc4 28. bxc4 Be6 29. Kf2 h5 30. h4 Kh7 1/2-1/2

[Event "WC-2020-S-00004"]
[Site "LSS email"]
[Date "2020.04.01"]
[Round "?"]
[White "Szczepanski, Zbigniew"]
[Black "Osipov, Anatoly Vladimirovi"]
[Result "1/2-1/2"]
[WhiteElo "2413"]
[BlackElo "2415"]
[PlyCount "61"]
[EventDate "2020.04.01"]
[EventType "tourn (corr)"]
[EventRounds "12"]
[EventCountry "GER"]
[SourceTitle "Corr 2022"]
[Source "ChessBase"]
[SourceDate "2021.10.24"]
[SourceVersion "1"]
[SourceVersionDate "2021.10.24"]
[SourceQuality "1"]

1. d4 Nf6 2. c4 e6 3. Nc3 Bb4 4. f3 c5 5. d5 0-0 6. e4 Bxc3+ 7. bxc3 d6 8. Ne2 Ne8 9. Ng3 f5 10. dxe6 fxe4 11. Nxe4 Nc6 12. Bg5 Qc7 13. e7 Nxe7 14. Bh4 Nf5 15. Bf2 Nf6 16. Nxf6+ Rxf6 17. Bd3 Qe7+ 18. Be4 Be6 19. Qb3 Raf8 20. 0-0-0 Qf7 21. Qxb7 Qg6 22. g4 Qg5+ 23. Kb1 Ne3 24. h4 Qf4 25. Bxe3 Qxe3 26. Qb3 Qf4 27. g5 R6f7 28. Ka1 Kh8 29. Qc2 Bxc4 30. Bxh7 Re7 31. Bd3 1/2-1/2

[Event "ST-2020-0-00130"]
[Site "LSS email"]
[Date "2020.01.17"]
[Round "?"]
[White "Mueller Alves, Martin"]
[Black "Osipov, Anatoly Vladimirovi"]
[Result "1/2-1/2"]
[WhiteElo "2463"]
[BlackElo "2492"]
[PlyCount "65"]
[EventDate "2020.01.17"]
[EventType "tourn (corr)"]
[EventRounds "6"]
[EventCountry "GER"]
[SourceTitle "Corr 2022"]
[Source "ChessBase"]
[SourceDate "2021.10.24"]
[SourceVersion "1"]
[SourceVersionDate "2021.10.24"]
[SourceQuality "1"]

1. e4 c5 2. Nf3 d6 3. d4 cxd4 4. Nxd4 Nf6 5. Nc3 a6 6. Be3 e5 7. Nb3 Be6 8. f3 Be7 9. Qd2 0-0 10. 0-0-0 Nbd7 11. g4 b5 12. g5 Nh5 13. Kb1 Nb6 14. Nd5 Nxd5 15. exd5 Bf5 16. Na5 Qd7 17. h4 Rac8 18. Nc6 g6 19. Rc1 Ng3 20. Rh2 Nxf1 21. Rxf1 Rxc6 22. dxc6 Qxc6 23. f4 a5 24. h5 a4 25. hxg6 fxg6 26. Rhf2 Rd8 27. Re1 h5 28. gxh6 Bh4 29. h7+ Kh8 30. Rfe2 Bxe1 31. Qxe1 Rd7 32. Qh4 Rxh7 33. Qd8+ 1/2-1/2

[Event "OP-2020-0-04908"]
[Site "LSS email"]
[Date "2020.01.12"]
[Round "?"]
[White "Henke, Simon"]
[Black "Osipov, Anatoly Vladimirovi"]
[Result "0-1"]
[WhiteElo "1598"]
[BlackElo "2428"]
[PlyCount "36"]
[EventDate "2020.01.01"]
[EventType "tourn (corr)"]
[EventRounds "4"]
[EventCountry "GER"]
[SourceTitle "Corr 2022"]
[Source "ChessBase"]
[SourceDate "2021.10.24"]
[SourceVersion "1"]
[SourceVersionDate "2021.10.24"]
[SourceQuality "1"]

1. c4 e5 2. Nc3 Bb4 3. Qc2 Nf6 4. Nf3 d6 5. e3 0-0 6. Be2 Bxc3 7. Qxc3 e4 8. Nd4 c5 9. Nc2 Bg4 10. Bxg4 Nxg4 11. 0-0 Qh4 12. h3 Ne5 13. Ne1 Nbd7 14. b3 Nf3+ 15. Kh1 Nde5 16. Bb2 f5 17. d4 Ng4 18. dxc5 Rf6 0-1

[Event "OP-2019-0-04878"]
[Site "LSS email"]
[Date "2019.11.25"]
[Round "?"]
[White "Osipov, Anatoly Vladimirovi"]
[Black "Billio, Maria"]
[Result "1-0"]
[WhiteElo "2424"]
[BlackElo "2078"]
[PlyCount "81"]
[EventDate "2019.11.13"]
[EventType "tourn (corr)"]
[EventRounds "4"]
[EventCountry "GER"]
[SourceTitle "Corr 2022"]
[Source "ChessBase"]
[SourceDate "2021.10.24"]
[SourceVersion "1"]
[SourceVersionDate "2021.10.24"]
[SourceQuality "1"]

1. d4 d5 2. c4 dxc4 3. e4 b5 4. a4 c6 5. axb5 cxb5 6. Nc3 Bd7 7. d5 a6 8. b3 e5 9. bxc4 b4 10. Na4 Bxa4 11. Qxa4+ Nd7 12. Be3 Qc7 13. Nf3 Ngf6 14. Qc6 Qxc6 15. dxc6 Nc5 16. Nxe5 Nfxe4 17. Bd3 Nxd3+ 18. Nxd3 Be7 19. f3 Nd6 20. Nxb4 Nxc4 21. Nd5 Nxe3 22. Nc7+ Kd8 23. Nxa8 Nc2+ 24. Ke2 Nxa1 25. Rxa1 Bd6 26. g3 Re8+ 27. Kd3 Re5 28. Rxa6 Rc5 29. Kd4 Rc1 30. Nb6 Bc5+ 31. Kd5 Bg1 32. f4 Rd1+ 33. Ke5 Re1+ 34. Kf5 Rd1 35. Na8 Kc8 36. c7 Rd5+ 37. Kg4 Rd3 38. Ra5 Rc3 39. Re5 Kb7 40. Re8 Ba7 41. f5 1-0

[Event "OP-2019-0-04878"]
[Site "LSS email"]
[Date "2019.11.25"]
[Round "?"]
[White "Osipov, Anatoly Vladimirovi"]
[Black "Plastinin, Alexandr"]
[Result "1-0"]
[WhiteElo "2424"]
[BlackElo "1045"]
[PlyCount "41"]
[EventDate "2019.11.13"]
[EventType "tourn (corr)"]
[EventRounds "4"]
[EventCountry "GER"]
[SourceTitle "Corr 2022"]
[Source "ChessBase"]
[SourceDate "2021.10.24"]
[SourceVersion "1"]
[SourceVersionDate "2021.10.24"]
[SourceQuality "1"]

1. e4 e5 2. Nf3 Nc6 3. Bc4 Be7 4. d4 exd4 5. Nxd4 Nf6 6. Nxc6 bxc6 7. e5 Nd5 8. Qg4 0-0 9. Bh6 g6 10. Bxf8 Qxf8 11. 0-0 d6 12. Qf3 Be6 13. Nc3 Nxc3 14. Bxe6 fxe6 15. Qxc3 c5 16. exd6 cxd6 17. Rae1 Bf6 18. Qb3 d5 19. Rxe6 Bd4 20. Qxd5 Rd8 21. Rd6+ 1-0

[Event "OP-2019-0-04878"]
[Site "LSS email"]
[Date "2019.11.25"]
[Round "?"]
[White "Vontina, Maria"]
[Black "Osipov, Anatoly Vladimirovi"]
[Result "0-1"]
[WhiteElo "761"]
[BlackElo "2424"]
[PlyCount "62"]
[EventDate "2019.11.13"]
[EventType "tourn (corr)"]
[EventRounds "4"]
[EventCountry "GER"]
[SourceTitle "Corr 2022"]
[Source "ChessBase"]
[SourceDate "2021.10.24"]
[SourceVersion "1"]
[SourceVersionDate "2021.10.24"]
[SourceQuality "1"]

1. e4 e5 2. Nf3 Nc6 3. Bb5 a6 4. Ba4 Nf6 5. 0-0 Be7 6. Re1 b5 7. Bb3 0-0 8. c3 d6 9. h3 Na5 10. Bc2 c5 11. d4 Nd7 12. Nbd2 exd4 13. cxd4 Nc6 14. dxc5 dxc5 15. Nf1 Nb4 16. Bb1 c4 17. a3 Nc6 18. Be3 Bb7 19. Nd4 Nxd4 20. Bxd4 Nc5 21. Ng3 Nb3 22. Ra2 Nxd4 23. Ne2 Nb3 24. Qc2 Bc5 25. a4 Qg5 26. axb5 Rae8 27. Nc3 axb5 28. Rf1 f5 29. Nxb5 Rxe4 30. Qd1 Re1 31. Qxe1 Qxg2# 0-1

[Event "OP-2019-0-04877"]
[Site "LSS email"]
[Date "2019.11.23"]
[Round "?"]
[White "Osipov, Anatoly Vladimirovi"]
[Black "Cruz Ramirez, Eliecer"]
[Result "1/2-1/2"]
[WhiteElo "2425"]
[BlackElo "800"]
[PlyCount "61"]
[EventDate "2019.11.11"]
[EventType "tourn (corr)"]
[EventRounds "4"]
[EventCountry "GER"]
[SourceTitle "Corr 2022"]
[Source "ChessBase"]
[SourceDate "2021.10.24"]
[SourceVersion "1"]
[SourceVersionDate "2021.10.24"]
[SourceQuality "1"]

1. d4 Nf6 2. c4 e6 3. Nf3 d5 4. g3 Be7 5. Bg2 0-0 6. Qc2 c5 7. dxc5 Qa5+ 8. Nc3 dxc4 9. 0-0 Qxc5 10. Rd1 Bd7 11. Be3 Qa5 12. Nd2 Bc6 13. Nxc4 Qa6 14. Ne5 Bxg2 15. Kxg2 Nc6 16. Nxc6 Qxc6+ 17. f3 Nd5 18. Bd4 Nb4 19. Qb3 a5 20. a4 Rfd8 21. h4 Rac8 22. Rac1 h6 23. Be3 Rxd1 24. Qxd1 Qe8 25. Nb5 Rxc1 26. Qxc1 Qd7 27. Bb6 Nc6 28. Nc3 Qd6 29. Bf2 Qb4 30. Qc2 Bf6 31. Ne4 1/2-1/2

[Event "OP-2019-0-04877"]
[Site "LSS email"]
[Date "2019.11.23"]
[Round "?"]
[White "Perez, Fanta"]
[Black "Osipov, Anatoly Vladimirovi"]
[Result "0-1"]
[WhiteElo "1679"]
[BlackElo "2425"]
[PlyCount "22"]
[EventDate "2019.11.11"]
[EventType "tourn (corr)"]
[EventRounds "4"]
[EventCountry "GER"]
[SourceTitle "Corr 2022"]
[Source "ChessBase"]
[SourceDate "2021.10.24"]
[SourceVersion "1"]
[SourceVersionDate "2021.10.24"]
[SourceQuality "1"]

1. d4 Nf6 2. c4 e6 3. Nf3 b6 4. g3 Ba6 5. b3 d5 6. Bg2 Bb4+ 7. Bd2 Be7 8. 0-0 0-0 9. Ne5 c6 10. Bc3 Qc7 11. Nd2 Rd8 0-1

[Event "OP-2019-0-04874"]
[Site "LSS email"]
[Date "2019.11.14"]
[Round "?"]
[White "Ducharme, Steven"]
[Black "Osipov, Anatoly Vladimirovi"]
[Result "0-1"]
[WhiteElo "765"]
[BlackElo "2425"]
[PlyCount "58"]
[EventDate "2019.11.07"]
[EventType "tourn (corr)"]
[EventRounds "4"]
[EventCountry "GER"]
[SourceTitle "Corr 2022"]
[Source "ChessBase"]
[SourceDate "2021.10.24"]
[SourceVersion "1"]
[SourceVersionDate "2021.10.24"]
[SourceQuality "1"]

1. c4 e5 2. g3 Nf6 3. Bg2 d5 4. cxd5 Nxd5 5. Nc3 Nb6 6. Nf3 Nc6 7. 0-0 Be7 8. b3 0-0 9. Bb2 Re8 10. a3 Be6 11. e3 Qd7 12. d4 exd4 13. Nxd4 Nxd4 14. exd4 c6 15. Re1 Rad8 16. Na4 Nxa4 17. bxa4 Bf6 18. Rc1 Bxd4 19. Bxd4 Qxd4 20. Qxd4 Rxd4 21. Re4 Rxe4 22. Bxe4 g6 23. Rc3 a5 24. f3 Rd8 25. Bc2 Rd2 26. Bb3 Bh3 27. Re3 Rg2+ 28. Kh1 Rf2 29. Bc4 Rc2 0-1

[Event "OP-2019-0-04874"]
[Site "LSS email"]
[Date "2019.11.14"]
[Round "?"]
[White "Stasilo, Tymoteusz"]
[Black "Osipov, Anatoly Vladimirovi"]
[Result "0-1"]
[WhiteElo "1606"]
[BlackElo "2425"]
[PlyCount "42"]
[EventDate "2019.11.07"]
[EventType "tourn (corr)"]
[EventRounds "4"]
[EventCountry "GER"]
[SourceTitle "Corr 2022"]
[Source "ChessBase"]
[SourceDate "2021.10.24"]
[SourceVersion "1"]
[SourceVersionDate "2021.10.24"]
[SourceQuality "1"]

1. d4 Nf6 2. c4 e6 3. Nc3 Bb4 4. a3 Bxc3+ 5. bxc3 c5 6. e3 b6 7. Nf3 0-0 8. g3 Nc6 9. Bg2 Ba6 10. Nd2 d5 11. Qa4 Na5 12. Bf1 Rc8 13. cxd5 Bxf1 14. Nxf1 Qxd5 15. Rg1 cxd4 16. cxd4 Nb3 17. Rb1 Nxc1 18. Qd1 Na2 19. Nd2 Nc3 20. Qb3 Qh5 21. f3 Qxh2 0-1

[Event "OP-2019-0-04870"]
[Site "LSS email"]
[Date "2019.11.08"]
[Round "?"]
[White "Osipov, Anatoly Vladimirovi"]
[Black "Bieszk, Stanislaw"]
[Result "1-0"]
[WhiteElo "2413"]
[BlackElo "1187"]
[PlyCount "41"]
[EventDate "2019.10.27"]
[EventType "tourn (corr)"]
[EventRounds "4"]
[EventCountry "GER"]
[SourceTitle "Corr 2022"]
[Source "ChessBase"]
[SourceDate "2021.10.24"]
[SourceVersion "1"]
[SourceVersionDate "2021.10.24"]
[SourceQuality "1"]

1. d4 Nf6 2. c4 e6 3. Nf3 Bb4+ 4. Nbd2 0-0 5. a3 Bxd2+ 6. Qxd2 d5 7. e3 Nbd7 8. Qc2 c6 9. Bd3 dxc4 10. Bxc4 b5 11. Be2 Bb7 12. Bd2 Nb6 13. 0-0 Rc8 14. Rfd1 Qe7 15. Bb4 Qc7 16. Bxf8 Kxf8 17. e4 a6 18. e5 Nfd5 19. Qxh7 Nf4 20. Qh8+ Ke7 21. Qh4+ 1-0

[Event "OP-2019-0-04870"]
[Site "LSS email"]
[Date "2019.11.08"]
[Round "?"]
[White "Tolnai, Rudolf"]
[Black "Osipov, Anatoly Vladimirovi"]
[Result "0-1"]
[WhiteElo "837"]
[BlackElo "2413"]
[PlyCount "32"]
[EventDate "2019.10.27"]
[EventType "tourn (corr)"]
[EventRounds "4"]
[EventCountry "GER"]
[SourceTitle "Corr 2022"]
[Source "ChessBase"]
[SourceDate "2021.10.24"]
[SourceVersion "1"]
[SourceVersionDate "2021.10.24"]
[SourceQuality "1"]

1. e4 e5 2. Bc4 Nf6 3. d3 Nc6 4. c3 Bc5 5. Bg5 h6 6. Bh4 0-0 7. Nf3 Be7 8. 0-0 d6 9. h3 Nh5 10. Bxe7 Qxe7 11. Nh2 Nf4 12. Qf3 Na5 13. Bb5 a6 14. Ba4 f5 15. Qe3 Qg5 16. Qg3 Ne2+ 0-1